Kogomologiji beskonečnomernych algebr. Li
Guardado en:
| Autor principal: | |
|---|---|
| Formato: | Libro |
| Lenguaje: | ruso |
| Publicado: |
Moskva :
Nauka,
1984
|
| Edición: | 1. vyd. |
| Etiquetas: |
Sin Etiquetas, Sea el primero en etiquetar este registro!
|
MARC
| LEADER | 00000nam a22000003a 4500 | ||
|---|---|---|---|
| 001 | stu125721 | ||
| 005 | 20150617225856.4 | ||
| 008 | 060907s1984----xxr-----------------rus-d | ||
| 040 | |a STU |b slo | ||
| 041 | 0 | |a rus | |
| 044 | |a xxr | ||
| 080 | |a 512.554.3 | ||
| 100 | 1 | |a Fuks, Dmitrij Borisovič |4 aut | |
| 245 | 1 | |a Kogomologiji beskonečnomernych algebr. Li | |
| 250 | |a 1. vyd. | ||
| 260 | |a Moskva : |b Nauka, |c 1984 | ||
| 300 | |a 272 s | ||
| 996 | |b E56539 |c E*56539 |l EE03 |s P |a 0 |w stu125721_0002 | ||